| 000 | 00476cam a2200205ua 4500 | ||
|---|---|---|---|
| 001 | 3999 | ||
| 005 | 20260515113752.0 | ||
| 008 | 111212n ii |||gr||||Z||||||asm | ||
| 020 | _a81-86494-26-X | ||
| 040 | _cMAIN | ||
| 082 | _a891.4511 | ||
| 100 | 1 | _aTulshi, Anubhav, | |
| 245 | 1 | 1 |
_aDurun ful _cby Anubhav Tulshi |
| 250 | _a1st. | ||
| 260 |
_aGuwahati: _bStudents stores,996. |
||
| 300 |
_a80p: _c23cm. |
||
| 653 | _aAssamese poem | ||
| 653 | _aDurun ful | ||
| 942 | _cBK | ||
| 999 |
_c3819 _d3819 |
||